7-Substituované-9-substituované amino-6-demetyl-6-deoxytetracyklíny, spôsob a mešdziprodukty na ich výrobu a farmaceutické prostriedky na ich báze.C 07C 237/26

Bibliographic Details
Main Author: Albright, Jay (Author)
Format: Book
Language:Undetermined
PhysicalDescription:89 s.
Published: Banská Bystrica Úrad priemyselného vlastníctva SR 2000

MARC

LEADER 00000nam a2200000 a 4500
001 vtls001406478
003 SK-MaSNL
005 20260301202100.0
008 240313sm y0 xo 0 und
035 |a SNK000361119 
040 |a SNK  |b slo  |c SNK  |e AACR2 
044 |a xo  |c SK 
100 1 |a Albright, Jay  |4 aut  |9 390347 
245 1 |a 7-Substituované-9-substituované amino-6-demetyl-6-deoxytetracyklíny, spôsob a mešdziprodukty na ich výrobu a farmaceutické prostriedky na ich báze.C 07C 237/26 
260 |a Banská Bystrica  |b Úrad priemyselného vlastníctva SR  |c 2000 
300 |a 89 s. 
999 |c 897488  |d 899418 
952 |t P60, <04>, [BOOK], {604}  |a SNK  |b SNK  |y VYP  |7 0  |p 17A0172342  |o snkSK 280837  |i snkPS 167/2001  |0 0  |1 0  |4 0  |d 2001-02-05  |l 0  |r 2005-01-02 00:00:00  |w 2026-02-24